| 000 | 00729nam a22002297a 4500 | ||
|---|---|---|---|
| 003 | OSt | ||
| 005 | 20140310181735.0 | ||
| 008 | 130320t xxu||||| |||| 00| 0 eng d | ||
| 020 | _a0921217900 | ||
| 050 |
_aLB 1576 _b.F67 1992 |
||
| 082 |
_aTR 372.6044 _bF67 1992 |
||
| 100 |
_aFoster, Graham _9466 |
||
| 245 |
_aSkills instruction in a language arts program _cFoster, Graham, MacKay, Judy, Miller, Claudette |
||
| 260 |
_bOntario Pembroke, _cc1992. _aMarkham, Ontario : |
||
| 300 |
_a64 p. : _c28 cm. _bill. ; |
||
| 500 | _aIncludes bibliographical references | ||
| 521 | _aFaculty | ||
| 541 | _j1 | ||
| 562 | _e1 | ||
| 650 |
_aEnglish language _xInstruction and study (Elementary). _9467 |
||
| 942 |
_2lcc _cBK-TR _kTR |
||
| 999 |
_c2562 _d2562 |
||